Making business location decisions
Guardat en:
| Autor principal: | |
|---|---|
| Format: | Llibre |
| Idioma: | Undetermined |
| Publicat: |
Englewood Cliffs, New Jersey
Prentice-Hall
|
| Matèries: | |
| Etiquetes: |
Afegir etiqueta
Sense etiquetes, Sigues el primer a etiquetar aquest registre!
|
| Thư viện lưu trữ: | Trung tâm Học liệu Trường Đại học Cần Thơ |
|---|
| LEADER | 00485nam a2200157Ia 4500 | ||
|---|---|---|---|
| 001 | CTU_36022 | ||
| 008 | 210402s9999 xx 000 0 und d | ||
| 082 | |a 658.503 | ||
| 082 | |b S347 | ||
| 100 | |a Roger W. Schmenner | ||
| 245 | 0 | |a Making business location decisions | |
| 245 | 0 | |c Roger W. Schmenner | |
| 260 | |a Englewood Cliffs, New Jersey | ||
| 260 | |b Prentice-Hall | ||
| 650 | |a industrial management,production management | ||
| 980 | |a Trung tâm Học liệu Trường Đại học Cần Thơ | ||